00981cam a2200277u 450000100060000000300080000600500170001400800410003103500190007204000330009104100080012408200180013210000520015024500510020226000340025330000350028750000100032250000400033250200470037250400310041960000550045060000390050594200120054499900170055695201300057331589BD-RjUL20211209051725.0140420s1966 nyu b 000 0beng  a(BD-RjUL)31677 aDLCcCarPdDLCdBD-RjULbeng aeng a193bMAO 19661 aMaier, Joseph,d1911- [from old catalog]99613610aOn Hegel's critique of Kant /cby Josef Maier. aNew York :bAMS press,c1966. aviii p., 1 l.,108 p. ;c22 cm. aVita. aPublished also without thesis note. aThesis (Ph.D.)--Columbia University, 1939. aBibliography: p. [99]-101.10aHegel, Georg Wilhelm Friedrich,d1770-1831.95134710aKant, Immanuel,d1724-1804.996138 2ddccBK c31589d31589 00102ddc4071aRUCLbRUCLcReadingd1971-02-03eZeitlingerg0.00l0o193 MAO 1966r2014-04-20 00:00:00tC-1w2014-04-20yBK